| 000 | 00383nam a2200145Ia 4500 | ||
|---|---|---|---|
| 008 | 220216s9999 xx 000 0 und d | ||
| 100 | _aWimalaratna S D | ||
| 245 | 0 | _aObservations on wintering in Hevea | |
| 260 |
_bRubber Research Institute of Sri Lanka Bulletin _c1974 |
||
| 300 | _a9-May | ||
| 650 | _aHevea | ||
| 650 | _aWintering | ||
| 700 | _aPathiratna L S S | ||
| 942 | _cJS | ||
| 999 |
_c64271 _d64271 |
||